| 000 | 00549nam a22002057a 4500 | ||
|---|---|---|---|
| 005 | 20251108175437.0 | ||
| 008 | 250721s1998 xx 000 0 eng d | ||
| 082 | 1 | 4 | _aJ/F/Sax |
| 100 | 1 | _aSaxon, Victoria | |
| 245 | 1 | 0 | _aFlik the Inventor / |
| 264 |
_bDisney Enterprises, _c1998. |
||
| 300 | _a45p | ||
| 490 | 0 |
_aa bug's life _v1 |
|
| 650 | 1 | 7 | _aFiction |
| 653 | _aأطفال مرحلة متوسطة (6-9) سنوات | ||
| 700 | 1 |
_aBrown, Adrienne _eIllus. |
|
| 700 | 1 |
_aPhillipson, Andrew _eIllus. |
|
| 942 |
_2ddc _cBK |
||
| 999 |
_c134237 _d134237 |
||